000 00454nam a2200157Ia 4500
999 _c11591
_d11591
003 OSt
005 20201021120908.0
008 190216s9999||||xx |||||||||||||| ||und||
040 _coclc
082 _a822.33
_bHAR/S
100 _aHarrison, G B
_95273
245 0 _aShakespeare's Tragedies /
_cG B Harrison
260 _bRoutledge Kegan Paul ,
_aLondon:
_c1904.
300 _a277p
942 _cBK
_2ddc
_h822.33
_iHAR/S
_k822.33
_mHAR/S